| 000 | 00978nmc a2200337 a 4500 | ||
|---|---|---|---|
| 003 | AR-BaBNM | ||
| 005 | 20251128203535.0 | ||
| 008 | 011101s1987 ||||||||||||||000 | spa|| | ||
| 020 | _a950-21-0891-4 | ||
| 040 | _cAR-BaBNM | ||
| 100 | 1 | _aNervi, Juan Ricardo | |
| 245 | 1 | 0 | _aEl folklore en la regionalización de la enseñanza |
| 260 |
_aBuenos Aires _bPlus Ultra _c1987 |
||
| 300 |
_a92 p. _bmapas |
||
| 490 | 0 |
_aPropuestas didácticas _vv. 3 |
|
| 500 | _aContiene anexo en p. 85-92 | ||
| 650 | 4 | _aLITERATURA POPULAR | |
| 650 | 4 | _aLEYENDAS | |
| 650 | 4 | _aENSENANZA DE LA GEOGRAFIA | |
| 650 | 4 | _aENSENANZA DE LA HISTORIA | |
| 650 | 4 | _aCOSTUMBRES Y TRADICIONES | |
| 650 | 4 | _aDIDACTICA | |
| 650 | 4 | _aFOLKLORE | |
| 650 | 4 | _aLITERATURA FOLKLORICA | |
| 650 | 4 | _aENSENANZA DE LAS MATEMATICAS | |
| 650 | 4 | _aENSENANZA DE LAS CIENCIAS SOCIALES | |
| 653 | _aENSENANZA DE LA LITERATURA | ||
| 800 | 1 |
_aNervi, Juan Ricardo _edirector |
|
| 942 | _cBK | ||
| 998 | _cLAURA | ||
| 999 |
_c3857 _d3857 |
||